Aapaka vyaktitva : (Record no. 7020)

MARC details
000 -LEADER
fixed length control field 00497cam a2200205ua 4500
001 - CONTROL NUMBER
control field 7905
005 - DATE AND TIME OF LATEST TRANSACTION
control field 20260515114252.0
008 - FIXED-LENGTH DATA ELEMENTS--GENERAL INFORMATION
fixed length control field 141230n ii |||gr||||Z||||||hin
020 ## - INTERNATIONAL STANDARD BOOK NUMBER
International Standard Book Number 9788170286448
040 ## - CATALOGING SOURCE
Transcribing agency MAIN
041 ## - LANGUAGE CODE
Language code of text/sound track or separate title hin
082 ## - DEWEY DECIMAL CLASSIFICATION NUMBER
Classification number 100
100 ## - MAIN ENTRY--PERSONAL NAME
Personal name Hardayal, L.,
Relator term Author.
245 1# - TITLE STATEMENT
Title Aapaka vyaktitva :
Remainder of title Vikas ke sutra /
Statement of responsibility, etc. By Lala Hardayal .
250 ## - EDITION STATEMENT
Edition statement 1st.
260 ## - PUBLICATION, DISTRIBUTION, ETC.
Place of publication, distribution, etc. Delhi:
Name of publisher, distributor, etc. Rajpal,
Date of publication, distribution, etc. 2008.
300 ## - PHYSICAL DESCRIPTION
Extent 178p.
653 ## - INDEX TERM--UNCONTROLLED
Uncontrolled term Philosophy & psychology
942 ## - ADDED ENTRY ELEMENTS (KOHA)
Koha item type Books
Holdings
Withdrawn status Lost status Damaged status Not for loan Home library Current library Shelving location Date acquired Total checkouts Full call number Barcode Date last seen Copy number Price effective from Koha item type
        Naharkatiya College Library Naharkatiya College Library General stacks 09/19/2020   100 | HAR 19668 09/19/2020 1 09/19/2020 Books